Todos os campeões da Copa Libertadores da América - Statistics

Estatísticas Gerais
  • Esse quiz foi jogado 84 vezes
  • A pontuação média é 21 de 25
Estatísticas das Respostas
Taças Time % Correto
3 Palmeiras
100%
4 River Plate
100%
6 Boca Juniors
99%
3 Flamengo
99%
3 São Paulo
99%
3 Grêmio
96%
3 Santos
95%
1 Atlético Mineiro
93%
7 Independiente
93%
2 Internacional
92%
1 Corinthians
90%
2 Cruzeiro
90%
3 Nacional
90%
5 Peñarol
84%
1 Vasco da Gama
81%
4 Estudiantes
75%
1 Racing
75%
2 Atlético Nacional
74%
1 LDU Quito
74%
1 Colo-Colo
73%
3 Olimpia
73%
1 San Lorenzo
66%
1 Once Caldas
60%
1 Vélez Sarsfield
59%
1 Argentinos Juniors
38%
Nenhum quiz correspondente encontrado
Distribuição das Pontuações
Porcentagem de Pessoas com Cada Pontuação
Percentil de Números Respondidos
Sua Pontuação Histórica
Você não jogou esse quiz